| 000 | 00793nam a2200205 a 4500 | ||
|---|---|---|---|
| 003 | 0 | ||
| 005 | 20250602163347.0 | ||
| 008 | 021120s19uu xx 00 eng d | ||
| 050 |
_aPGS RJ 399.C6 _b.D555 2000 |
||
| 100 | _aDideles, Kathrina. | ||
| 245 |
_aAwareness and fear of obesity among adolescent female students of Southville International School, school year 1999-2000 / _cKathrina Dideles. |
||
| 260 |
_aLas PiƱas City, Philippines : _bSouthville International School and Colleges, _c2000. |
||
| 300 |
_a61 pages : _bcolored illustrations ; _c28 cm. |
||
| 504 | _aIncludes bibliographical references. | ||
| 650 | _aObesity in adolescence. | ||
| 650 | _aBody image in adolescence. | ||
| 650 |
_aObesity _vPsychological aspects. |
||
| 650 | _aFear of obesity. | ||
| 942 |
_2lcc _cPASS |
||
| 999 |
_c96285 _d96285 |
||